000 00507nam a2200193 a 4500
001 1769935627305
003 YourLibrary
005 20260201143128.0
008 260201s2010##################000#0#eng##
020 _a9780230240056
082 0 4 _a332.4566
_bBRO
100 1 _aBroome, André,
_eauthor.
245 1 0 _aThe Currency of Power :
260 _bPalgrave MacMillan,
_c2010.
300 _a248 pages
650 0 _aBusiness & Economics.
942 _cENGLISH
040 _aYourLibrary
_beng
_cYourLibrary
999 _c609661
_d609661